000
00339nam a2200145Ia 4500
008
210716s1966 xx 000 0 und d
041
_a
eng
082
_a
330 STIG
100
_a
Stigler, George J.
245
_a
Theory of price.
250
_a
3
260
_a
New York
_b
Macmillan
_c
1966
300
_a
viii,355
650
_a
Economics(330)
999
_c
203097
_d
203097